LEADER 01762nam 2200529 a 450 001 9910458199203321 005 20200520144314.0 010 $a1-60780-463-8 035 $a(CKB)2560000000010481 035 $a(EBL)535798 035 $a(OCoLC)645094147 035 $a(SSID)ssj0000672547 035 $a(PQKBManifestationID)11415364 035 $a(PQKBTitleCode)TC0000672547 035 $a(PQKBWorkID)10635906 035 $a(PQKB)10432739 035 $a(OCoLC)649905739 035 $a(MiAaPQ)EBC535798 035 $a(Au-PeEL)EBL535798 035 $a(CaPaEBR)ebr10388959 035 $a(EXLCZ)992560000000010481 100 $a20150406h20101993 uy 0 101 0 $aeng 135 $aur|n|---||||| 181 $ctxt 182 $cc 183 $acr 200 10$aEquatorial Guinea$b[electronic resource] $esociety & culture /$fWorld Trade Press 205 $a2nd ed. 210 $aPetaluma, Calif. $cWorld Trade Press$dc1993-2010 [2010] 215 $a1 online resource (23 p.) 300 $aCover title. 330 $aNeed to know it all? Our all-inclusive culture report for Equatorial Guinea will get up to speed on all aspects of culture in Equatorial Guinea, including lifecycle, religion, women, superstitions & folklore, sports, holidays & festivals, and etiquette. 606 $aWomen$zEquatorial Guinea 607 $aEquatorial Guinea$xSocial life and customs 607 $aEquatorial Guinea$xDescription and travel 607 $aEquatorial Guinea$xSocial conditions 608 $aElectronic books. 615 0$aWomen 676 $a967.1803 801 0$bMiAaPQ 801 1$bMiAaPQ 801 2$bMiAaPQ 906 $aBOOK 912 $a9910458199203321 996 $aEquatorial Guinea$91963771 997 $aUNINA LEADER 01230nam a22002771i 4500 001 991003842989707536 005 20040625195248.0 008 040802s1913 fr a||||||||||||||||fre 035 $ab1313646x-39ule_inst 035 $aARCHE-108907$9ExL 040 $aBiblioteca Interfacoltà$bita$cA.t.i. Arché s.c.r.l. Pandora Sicilia s.r.l. 082 04$a841.1092 100 1 $aNostredame, Jean :$cde$0490318 245 14$aLes vies des plus célèbres et anciens poètes provençaux /$cJehan de Nostredame 250 $aNouv. éd., accompagnée d'extraits d'oeuvres inédites du même auteur /$bpréparée par Camille Chabaneau et pub. avec introduction et commentaire par Joseph Anglade 260 $aParis :$bH. Champion,$c1913 300 $a406 p. :$bill. ;$c23 cm 650 4$aPoesia provenzale$xOrigini 700 1 $aChabaneau, Camille 700 1 $aAnglade, Joseph 907 $a.b1313646x$b02-04-14$c05-08-04 912 $a991003842989707536 945 $aLE002 Fondo Giudici P 267$g1$iLE002G-13380$lle002$nC. 1$o-$pE0.00$q-$rn$so $t0$u0$v0$w0$x0$y.i13773306$z05-08-04 996 $aVies des plus célèbres et anciens poètes provençaux$9309402 997 $aUNISALENTO 998 $ale002$b05-08-04$cm$da $e-$ffre$gfr $h4$i1